| 000 | 02808nkm0a2200493 4500 | ||
|---|---|---|---|
| 001 | RU\NLR\BIBL_A\022583418 | ||
| 005 | 20260126214616.0 | ||
| 035 | _a(NLR Aleph) 022583418 | ||
| 071 | 5 | 0 | _d1 р. 50 к. |
| 090 |
_a89018 _c89018 |
||
| 100 | _a20250710d1944 u y0rusy50 ca | ||
| 101 | 0 | _arus | |
| 102 | _aRU | ||
| 116 | _aiiycxx bf ad | ||
| 135 | _acrcn 024anaba | ||
| 181 | 0 |
_ab4 _bxb2e |
|
| 182 | 0 | _an | |
| 200 | 1 |
_aТанковые прицелы ТМФД-7 и 7Т-7 _e[плакат] _fавтор инженер-майор М. А. Малков _gредактор инженер-майор Г. М. Маргулис _gтехн. редактор Л. М. Радкевич |
|
| 203 |
_aИзображение _bнеподвижное _bдвухмерное _bвизуальное _cнепосредственное |
||
| 210 |
_aМосква _cВоенное издательство Народного коммисариата обороны _d1944 _eМосква _gТипо-литография Госпланиздата |
||
| 215 |
_a1 л. _cхромолитогр. _d57,5х89,5 |
||
| 300 | _aВ вып. данных: Г 531792. Воениздат И-377; Подписано к печати 22/II 1944 г.; Заказ 232 | ||
| 300 | _aНа изобр. справа вверху: "Главное артиллерийское управление Крсной армии" | ||
| 325 | _aКопия доступна в Электрон. б-ке РНБ | ||
| 606 | 1 |
_aПлакат инструктивный _2nlr_sh2 _3RU\NLR\AUTH\6601761657 |
|
| 606 | 1 |
_aВеликая Отечественная война _z1941 - 1945 _jПлакаты _2nlr_sh1 _2nlr_sh2 _3RU\NLR\AUTH\668893 |
|
| 606 | 1 |
_aТанковые телескопические прицелы _jПлакаты _2nlr_sh1 _3RU\NLR\AUTH\661110992 |
|
| 686 | _aЩ150.466 | ||
| 700 | 1 |
_aМалков _bМ. А. _4570 |
|
| 712 | 0 | 2 |
_aВоениздат _cМосква _3RU\NLR\AUTH\8810147525 _4650 |
| 712 | 0 | 2 |
_aГосударственное плановое издательство _bТиполитография _3RU\NLR\AUTH\880503991 _4610 |
| 852 | 0 | 0 |
_aNLR _bЭ _jНпВо705/7-8 _mЭ042964 |
| 856 | 0 | _uhttps://vivaldi.nlr.ru/la000071010/view | |
| 856 | 1 | _uhttps://vivaldi.nlr.ru/la000071010/cover | |
| 856 | 2 | _uhttps://vivaldi.nlr.ru/la000071010/text | |
| 901 | _eИзографические материалы | ||
| 942 | _cVISUAL | ||
| 945 | _aРоссийская национальная библиотека | ||
| 980 | _aBV | ||
| 980 | _aNB | ||
| 981 | 1 | 7 |
_a(17) Изографические материалы _b(17) Плакаты |